00842cam a2200217 a 4500999001300000001000400013003000900017005001700026008004100043020001300084040002800097082002400125245014600149250001300295260007000308300002500378650004400403650004300447942001200490952012200502 c927d927767BD-DhUAP20200129105159.0200129s19941992at r 000 0 eng  a10380701 aDLCcDLCdBD-DhUAPbEng00a338.7092294 WHO22300aWho's who in business in Australia :ba biographical dictiononary and register of prominent people within business and industry in Australia. aIIrd ed. aMelbourne, VIC :bInformation Australia,cc1992 [Reprinted 1994]. a1391 pages ;c23 cm. 0aBusinesspeoplezAustraliaxDirectories. 0aBusinesswomenzAustraliaxDirectories. 2ddccBK 00102ddc4070aUAPCLbUAPCLcGeneral Stacksd2020-01-29o338.7092294 WHOp3010000767r2020-01-29t1w2020-01-29yBK